Les Indiens d'Amérique du Nord (notice n° 1568471)
[ vue normale ]
| 000 -LEADER | |
|---|---|
| fixed length control field | 01343cam a2200133 4500500 |
| 005 - DATE AND TIME OF LATEST TRANSACTION | |
| control field | 20251214004343.0 |
| 041 ## - LANGUAGE CODE | |
| Language code of text/sound track or separate title | fre |
| 042 ## - AUTHENTICATION CODE | |
| Authentication code | dc |
| 100 10 - MAIN ENTRY--PERSONAL NAME | |
| Personal name | Royot, Daniel |
| Relator term | author |
| 245 00 - TITLE STATEMENT | |
| Title | Les Indiens d'Amérique du Nord |
| 260 ## - PUBLICATION, DISTRIBUTION, ETC. | |
| Name of publisher, distributor, etc. | Armand Colin,<br/> |
| Date of publication, distribution, etc. | 2007.<br/> |
| 520 ## - SUMMARY, ETC. | |
| Summary, etc. | Les Améridiens exercent depuis un demi-millénaire une fascination profonde. Cette civilisation plonge ses racines dans un lointain passé pré-colombien. Sur le continent américain, elle a en partie survécu aux confrontations avec les Euro-Américains depuis le XVIe siècle et l’immigration massive et souvent violente du XIXe s.L’auteur propose une approche méthodique visant à interpréter efficacement et sereinement la masse d’informations offerte sur les Indiens d’Amérique du Nord. Il dépeint les enjeux historiques et offre une vision précise de la diversité ethnique des peuples de l’Amérique primordiale: chasseurs des Grandes Plaines, pêcheurs du Pacifique, trappeurs des Grands Lacs, nomades des déserts…Mais cet ouvrage veut également souligner la renaissance indienne du XXe s. qui voit une diaspora issue des réserves affirmer son identité, s’inscrire dans la modernité et revendiquer ses droits. |
| 856 41 - ELECTRONIC LOCATION AND ACCESS | |
| Uniform Resource Identifier | <a href="https://shs.cairn.info/les-indiens-damerique-du-nord--9782200267797?lang=fr&redirect-ssocas=7080">https://shs.cairn.info/les-indiens-damerique-du-nord--9782200267797?lang=fr&redirect-ssocas=7080</a> |
Pas d'exemplaire disponible.




Réseaux sociaux